Macromedia Flash 8 Professional : Praktický výukový kurz

Enregistré dans:
Détails bibliographiques
Auteur principal: Rebenschied, Shane (Auteur)
Format: Livre
Langue:tchèque
Publié: Brno : Computer Press, 2007
Sujets:
Tags: Ajouter un tag
Pas de tags, Soyez le premier à ajouter un tag!

MARC

LEADER 00000nam a22000003a 4500
001 stu165179
005 20150617225958.9
008 080611s2007----xr------------------cze-d
020 |a 978-80-251-1696-8 
040 |a STU  |b slo 
041 0 |a cze 
044 |a xr 
080 |a 004.42 
100 1 |a Rebenschied, Shane  |4 aut 
245 1 |a Macromedia Flash 8 Professional :  |b Praktický výukový kurz 
260 |a Brno :  |b Computer Press,  |c 2007 
300 |a 352 s 
650 7 |a skriptové jazyky  |2 stusub 
650 7 |a www aplikácie  |2 stusub 
650 7 |a animácia interaktívna  |2 stusub 
650 7 |a programovacie jazyky  |2 stusub 
650 7 |a Flash MX  |2 estusub 
996 |b 284EK87353  |c E*87353  |l EE30  |s P  |a 0  |w stu165179_0003